000 00858nmc a2200313 a 4500
003 AR-BaBNM
005 20251128210336.0
008 011101s2000 ||||||||||||||000 | spa||
020 _a987-9450-00-0
040 _cAR-BaBNM
100 1 _aBrignole, Silvina
245 1 0 _aPlanificación anual
_bnivel inicial
250 _a1ª ed.
260 _aBuenos Aires
_bVisión
_c2000
300 0 _a31 p.
_btablas
490 0 _aPropuesta para el aula
500 0 _aContiene referencias bibliográficas
650 4 _aCURRICULO
650 4 _aACTIVIDADES DE APRENDIZAJE
650 4 _aTECNICAS DIDACTICAS
650 4 _aTECNICAS DE EVALUACION
653 0 _aEDUCACION INICIAL
653 0 _aUNIDADES DIDACTICAS
653 0 _aEXPECTATIVAS DE LOGRO
653 0 _aCONTENIDOS CURRICULARES
700 1 _aCampagne, Graciela
942 _cBK
998 _cRaquel
999 _c15048
_d15048